Countries to have hosted the AFC Asian cup - Statistics

General Stats
  • This quiz has been taken 154 times
    90 since last reset
  • The average score is 19 of 22
Answer Stats
Hint Answer % Correct
2004 China
99%
1992 Japan
99%
1960 South Korea
99%
1988 Qatar
97%
2011 Qatar
97%
2024 Qatar
97%
2027 Saudi Arabia
96%
1996 United Arab Emirates
96%
2019 United Arab Emirates
96%
1972 Thailand
92%
2007 Thailand
92%
2015 Australia
91%
2007 Indonesia
91%
2007 Vietnam
91%
1968 Iran
87%
1976 Iran
87%
2007 Malaysia
87%
1980 Kuwait
79%
1964 Israel
78%
1984 Singapore
70%
2000 Lebanon
57%
1956 Hong Kong
52%
No matching quizzes found
Score Distribution
Percent of People with Each Score
Percentile by Number Answered
Your Score History
You have not taken this quiz since the last reset